| 000 | 00860cam a22002411 4500 | ||
|---|---|---|---|
| 001 | c 62002810 | ||
| 003 | DLC | ||
| 005 | 20260227111034.0 | ||
| 008 | 040517s1962 cc a 000 0 chi | ||
| 010 | _ac 62002810 | ||
| 035 | _a(CStRLIN)DCLP04-B9198 | ||
| 040 |
_aDLC _cCLU _dNIC _dCStRLIN _dDLC-R _dDLC |
||
| 050 | 0 | 0 |
_aPL2905.N455 _bC5 |
| 066 | _c$1 | ||
| 100 | 1 |
_6880-01 _aSong, Shaowen. |
|
| 245 | 1 | 0 |
_6880-02 _aChi dan hong xin; _bwu mu hua ju, _cSong Shaowen [et al.] zhi bi, Hunan Sheng hua ju tuan ji ti chuang zuo. |
| 260 |
_6880-03 _aBeijing, _bZhongguo xi ju chu ban she, _c1962. |
||
| 300 |
_a114 p. _billus. _c19 cm. |
||
| 500 | _aPlay. | ||
| 880 | 1 |
_6100-01/$1 _a宋紹文. |
|
| 880 | 1 | 0 |
_6245-02/$1 _a赤胆紅心 _b五幕話剧 _c宋紹文 [et al.] 执笔湖南省話剧团集体創作. |
| 880 |
_6260-03/$1 _a北京 _b中国戏剧出版社 _c1962. |
||
| 999 |
_c12796 _d12796 |
||